TB OF ANATOMY : HEAD,NECK & BRAIN (Record no. 7964)
[ view plain ]
| 000 -LEADER | |
|---|---|
| fixed length control field | 00328nam a2200133Ia 4500 |
| 082 ## - DEWEY DECIMAL CLASSIFICATION NUMBER | |
| Classification number | 611 |
| Item number | A 14 S |
| 100 ## - MAIN ENTRY--PERSONAL NAME | |
| Personal name | SINGH, VISHRAM |
| 245 ## - TITLE STATEMENT | |
| Title | TB OF ANATOMY : HEAD,NECK & BRAIN |
| 250 ## - EDITION STATEMENT | |
| Edition statement | 2 ND |
| 260 ## - PUBLICATION, DISTRIBUTION, ETC. (IMPRINT) | |
| Name of publisher, distributor, etc | ELSEVIER- INDIA DELHI |
| Year of Publication | 2014 |
| 300 ## - PAGE DESCRIPTION | |
| No. of Pages | 445 |
| 942 ## - ADDED ENTRY ELEMENTS (KOHA) | |
| Source of classification or shelving scheme | Dewey Decimal Classification |
| Koha item type | Books |
| 942 ## - ADDED ENTRY ELEMENTS (KOHA) | |
| -- | 13 |
| Withdrawn status | Lost status | Source of classification or shelving scheme | Damaged status | Not for loan | Collection code | Home library | Current library | Date acquired | Vendor Name | Cost, normal purchase price | SGTU | Bill Number | Total Checkouts | Full call number | Accession No. (Barcode) | Date last seen | Date last borrowed | Bill Date | Koha item type |
|---|---|---|---|---|---|---|---|---|---|---|---|---|---|---|---|---|---|---|---|
| Dewey Decimal Classification | AYURVEDA | SGT FA-FP Library | SGT FA-FP Library | 14/09/2015 | ABC DELHI | 595.00 | SGTU | 5567 | 11 | 611 A 14 S | FA2339 | 01/12/2022 | 23/11/2022 | 31/03/2015 | Books | ||||
| Dewey Decimal Classification | AYURVEDA | SGT FA-FP Library | SGT FA-FP Library | 14/09/2015 | ABC DELHI | 595.00 | SGTU | 5567 | 8 | 611 A 14 S | FA2340 | 09/01/2025 | 07/01/2025 | 31/03/2015 | Books | ||||
| Dewey Decimal Classification | AYURVEDA | SGT FA-FP Library | SGT FA-FP Library | 14/09/2015 | ABC DELHI | 595.00 | SGTU | 5567 | 6 | 611 A 14 S | FA2341 | 25/08/2021 | 19/08/2021 | 31/03/2015 | Books | ||||
| Dewey Decimal Classification | AYURVEDA | SGT FA-FP Library | SGT FA-FP Library | 14/09/2015 | ABC DELHI | 595.00 | SGTU | 5567 | 8 | 611 A 14 S | FA2342 | 10/02/2025 | 10/02/2025 | 31/03/2015 | Books | ||||
| Dewey Decimal Classification | AYURVEDA | SGT FA-FP Library | SGT FA-FP Library | 14/09/2015 | ABC DELHI | 595.00 | SGTU | 5567 | 7 | 611 A 14 S | FA2343 | 07/03/2025 | 07/03/2025 | 31/03/2015 | Books |